Research methods in interpreting : (رقم التسجيلة. 35041)
[ عرض عادي ]
| 000 -الفاتح | |
|---|---|
| حقل البيانات ثابتة الطول | 01109cam a22003018a 4500 |
| 001 - رقم الضبط | |
| رقم الضبط | 17779472 |
| 003 - محدد رقم الضبط | |
| رقم الضبط | OSt |
| 005 - وقت وتاريخ اخر تعامل مع التسجيلة | |
| رقم الضبط | 20150408114217.0 |
| 008 - عناصر البيانات ثابتة الطول - معلومات عامة | |
| حقل البيانات ثابتة الطول | 130617s2013 enka g b 001 0 eng |
| 020 ## - الرقم الدولى المعيارى للكتب | |
| الرقم الدولى المعيارى للكتاب | 9781441147707 (hardback) |
| 020 ## - الرقم الدولى المعيارى للكتب | |
| الرقم الدولى المعيارى للكتاب | 9781441168511 (paperback) |
| 020 ## - الرقم الدولى المعيارى للكتب | |
| الرقم الدولى المعيارى للكتاب الملغى /الخاطئ | 9781472524737 (ebook (pdf)) |
| 040 ## - مصدر الفهرسة | |
| وكالة الفهرسة الأصلية | Ma-Un |
| 082 00 - رقم تصنيف ديوى العشرى | |
| رقم الطبعة | 22 |
| رقم التصنيف | 418.020721 |
| رقم المادة | HSR |
| 100 1# - المدخل الرئيسى - إسم شخصى | |
| الإسم الشخصى | Hale, Sandra |
| 9 (RLIN) | 45036 |
| 245 10 - بيان العنوان | |
| العنوان | Research methods in interpreting : |
| بقية العنوان | a practical resource / |
| بيان المسئوليه,etc | Sandra Hale, Jemina Napier. |
| 260 ## - PUBLICATION, DISTRIBUTION, ETC. (IMPRINT) | |
| مكان الناشر او الموزع | London : |
| اسم الناشر او الموزع | Bloomsbury, |
| تاريخ النشر أو التوزيع | 2013 |
| 300 ## - الوصف المادى | |
| التعداد | xii, 267 p. : |
| تفاصيل ماديه اخرى للوعاء | ill. ; |
| أبعاد الوعاء | 24 cm. |
| 490 0# - بيان السلسلة | |
| عنوان السلسلة | Research Methods in Linguistics |
| 504 ## - تبصرة ببليوجرافية | |
| تبصرة ببليوجرافية,الخ | Includes bibliographical references and index. |
| 650 ## - المدخل الاضافى بالموضوع-مصطلح موضوعى | |
| مصطلح موضوعي أو اسم جغرافي كعنصر مدخل | Translating and interpreting |
| التقسيم الفرعي العام | Study and teaching |
| 9 (RLIN) | 45037 |
| 650 ## - المدخل الاضافى بالموضوع-مصطلح موضوعى | |
| مصطلح موضوعي أو اسم جغرافي كعنصر مدخل | Translating and interpreting |
| التقسيم الفرعي العام | Research |
| -- | Methodology |
| 9 (RLIN) | 45038 |
| 650 ## - المدخل الاضافى بالموضوع-مصطلح موضوعى | |
| مصطلح موضوعي أو اسم جغرافي كعنصر مدخل | Translating services |
| 9 (RLIN) | 45039 |
| 650 ## - المدخل الاضافى بالموضوع-مصطلح موضوعى | |
| مصطلح موضوعي أو اسم جغرافي كعنصر مدخل | Linguistic models |
| 9 (RLIN) | 45040 |
| 700 1# - المدخل الاضافى - اسم شخصى | |
| الإسم الشخصى | Napier, Jemina |
| 9 (RLIN) | 45041 |
| 942 ## - عناصر المدخل الإضافي( كوها) | |
| مصدر التصنيف او مخطط الترفيف | Dewey Decimal Classification |
| Koha [default] item type | كتاب |
| حالة الفقد | نموذج السعر الفعال | حالة تلف | ليس للاعارة | رقم الطلب | رقم النسخة | تاريخ الاكتساب | مصدر التزويد | الموقع الحالي | الباركود | الفرع الرئيسي | Date last seen | نوع المادة فى نظام كوها | مصدر التصنيف او خطة الترفيف | Total Checkouts | Total Renewals | Date last checked out |
|---|---|---|---|---|---|---|---|---|---|---|---|---|---|---|---|---|
| 2014-05-14 | Not For Loan | 418.020721 HSR | 1 | 2014-05-14 | دار العرب | مكتبة كلية العلوم و الدراسات الإنسانية برماح - طالبات (SRF) | 00210786 | مكتبة كلية العلوم و الدراسات الإنسانية برماح - طالبات (SRF) | 2014-05-14 | كتاب | Dewey Decimal Classification | |||||
| 2014-05-14 | 418.020721 HSR | 2 | 2014-05-14 | دار العرب | مكتبة كلية العلوم و الدراسات الإنسانية برماح - طالبات (SRF) | 00210787 | مكتبة كلية العلوم و الدراسات الإنسانية برماح - طالبات (SRF) | 2014-05-14 | كتاب | Dewey Decimal Classification | ||||||
| 2014-05-14 | Not For Loan | 418.020721 HSR | 1 | 2014-05-14 | دار العرب | مكتبة كلية العلوم و الدراسات الإنسانية برماح - طلاب (SRM) | 00210788 | مكتبة كلية العلوم و الدراسات الإنسانية برماح - طلاب (SRM) | 2025-01-26 | كتاب | Dewey Decimal Classification | 1 | 1 | 2019-12-31 | ||
| 2014-05-14 | 418.020721 HSR | 2 | 2014-05-14 | دار العرب | مكتبة كلية العلوم و الدراسات الإنسانية برماح - طلاب (SRM) | 00210789 | مكتبة كلية العلوم و الدراسات الإنسانية برماح - طلاب (SRM) | 2014-05-14 | كتاب | Dewey Decimal Classification |
